Poesía pictórica (Record no. 138169)

MARC details
000 -LEADER
campo de control de longitud fija 00616nam a2200157 4500
001 - NÚMERO DE CONTROL
campo de control 138169
003 - IDENTIFICADOR DE NÚMERO DE CONTROL
campo de control ES-MaACL
005 - FECHA Y HORA DE LA ÚLTIMA TRANSACCIÓN
campo de control 20230906195522.0
007 - CAMPO FIJO DE DESCRIPCIÓN FÍSICA--INFORMACIÓN GENERAL
campo de control de longitud fija t|
008 - DATOS DE LONGITUD FIJA--INFORMACIÓN GENERAL
campo de control de longitud fija 070214s1968 ne r ||||1| spa d
100 1# - ENTRADA PRINCIPAL--NOMBRE DE PERSONA
Nombre de persona Sánchez Romeralo, Jaime.
9 (RLIN) 102899
245 10 - MENCIÓN DEL TÍTULO
Título Poesía pictórica
Resto del título : (consideraciones sobre ella, a propósito de algunos poemas españoles contemporáneos inspirados en la pintura de los Países Bajos) /
Mención de responsabilidad, etc. Dr. J. Sánchez Romeralo.
260 ## - PUBLICACIÓN, DISTRIBUCIÓN, ETC.
Lugar de publicación, distribución, etc. Nijmegen [Güeldres, Países Bajos] :
Nombre del editor, distribuidor, etc. Drukkerij Gebr. Janssen,
Fecha de publicación, distribución, etc. 1968.
300 ## - DESCRIPCIÓN FÍSICA
Extensión 38 p. ;
Dimensiones 24 cm.
852 ## - LOCALIZACIÓN
Ubicación ES-MaACL
Número de control de estantería 2130-F-20
Sublocalización o colección R.106118
Holdings
Estatus retirado Estado de pérdida Estado de daño No para préstamo Colección Biblioteca de origen Biblioteca actual Ubicación en estantería Fecha de adquisición Fuente de adquisición Total de préstamos Signatura topográfica completa Código de barras Visto por última vez Precio de reemplazo Tipo de ítem Koha
        Colección de folletos Biblioteca del Ateneo de Madrid Biblioteca del Ateneo de Madrid Depósito folletos 17/01/2008     2130-F-20 1143775 23/02/2023 23/02/2023 Folleto